000 00757nam a2200253Ia 4500
003 OSt
005 20220928112554.0
006 a|||||r|||| 00| 0
007 ta
008 220927b |||||||| |||| 00| 0 eng d
020 _c595
024 _a125393
037 _b181, 17/12/2014, Classic Book Service
_cTextual
040 _aSDCL
_cSDCL
_beng
041 _2eng
_aeng
082 _aX:77.2'P, Q1
100 _aMohan Rakesh
245 0 _aGrowth with financial stability
_b Central banking in an emerging market
260 _aUK
_bOUP
_c2012
300 _alv;500p.
_ccm.
650 _aBusiness Economics
_9391653
942 _hX:77.2'P, Q1
_cTEXL
_2CC
999 _c745327
_d745327